01008nam a2200253 i 4500003000900000005001700009007000300026008004100029020001800070040003000088041000800118082001900126100003900145245017200184246007400356264008300430300002800513336002700541337003400568338002800602500003700630500005000667504003700717DO-SdBNP20260602134853.0ta260602b2021 dr ||||| |||| 00| 0 spa d a9789945301250 aDO-SdBNPbspacBNPHUerda aspa 4axxxbV145e222 aValdez, Milton Fredy,eautor4aut.10aEnfermedad mental por sugestión :bcasos de una investigación antropológica /cMilton Fredy Valdez ; diagramación, Manuel Cubilette ; pintura, Parmenio Díaz 14aEnfermedad mental por sugestión :bel acto de ser el deseo del Otro 4aSanto Domingo, República Dominicana : b[editor no identificado] ;c©2021. a101 páginas ;c23 cm. atextobtxt2rdacontent asin mediación bn2rdamedia avolumenbnc2rdacarrier aEl acto de ser el deseo del Otro aCasos de una investigación antropológica  aBibliografía: páginas 99-101